000 01569cam a2200133 4500500
005 20260405085546.0
041 _afre
042 _adc
100 1 0 _aBrasseul, Jacques
_eauthor
245 0 0 _aHistoire des faits économiques : de la Grande Guerre au 11 septembre
260 _bArmand Colin,
_c2003.
520 _aL'histoire des faits économiques au 20e siècle est marquée par un basculement majeur à la fin de la Deuxième Guerre mondiale. Le monde passe alors d'une phase de recul de la mondialisation (de 1914 à 1945) caractérisée par les deux conflits planétaires et la grande dépression du capitalisme, à une reprise rapide de ce phénomène, avec l'expansion des échanges internationaux et l'interdépendance croissante des nations. Cette avancée de la mondialisation ne fait que reprendre une tendance déjà manifeste dans les dernières décennies du 19e siècle et le début du 20e, et initiée beaucoup plus tôt avec les grandes découvertes. Tout se passe comme si une parenthèse dramatique venait interrompre temporairement un processus à l'oeuvre depuis les débuts du libre-échange en 1846.C'est ce phénomène, dans toute sa complexité, et les différentes hypothèses qu'il peut susciter, que ce livre entend présenter.JACQUES BRASSEUL est professeur des universités en sciences économiques. Il enseigne l'histoire des faits économiques et l'économie du développement à l'université de Toulon-Var.
856 4 1 _uhttps://shs.cairn.info/histoire-des-faits-economiques--9782200219338?lang=fr&redirect-ssocas=7080
999 _c2198526
_d2198526